Eastern Utah Libraries Catalog: Duchesne, Heber, Roosevelt, & Vernal

Design ideas for home storage / (Record no. 264019)

MARC details
000 -LEADER
fixed length control field 01502nam a22004098a 4500
001 - CONTROL NUMBER
control field ocm65469549
003 - CONTROL NUMBER IDENTIFIER
control field OCoLC
005 - DATE AND TIME OF LATEST TRANSACTION
control field 20200320181509.0
008 - FIXED-LENGTH DATA ELEMENTS--GENERAL INFORMATION
fixed length control field 051215s2006 njua 000 0 eng
010 ## - LIBRARY OF CONGRESS CONTROL NUMBER
LC control number 2005909005
015 ## - NATIONAL BIBLIOGRAPHY NUMBER
National bibliography number GBA637031
Source bnb
016 7# - NATIONAL BIBLIOGRAPHIC AGENCY CONTROL NUMBER
Record control number 013437918
Source Uk
020 ## - INTERNATIONAL STANDARD BOOK NUMBER
International Standard Book Number 158011301X (pbk.)
020 ## - INTERNATIONAL STANDARD BOOK NUMBER
International Standard Book Number 9781580113014 (pbk.)
020 ## - INTERNATIONAL STANDARD BOOK NUMBER
Terms of availability 19.95
024 3# - OTHER STANDARD IDENTIFIER
Standard number or code 9781580113014
035 ## - SYSTEM CONTROL NUMBER
System control number (OCoLC)65469549
040 ## - CATALOGING SOURCE
Original cataloging agency UKM
Transcribing agency UKM
Modifying agency BAKER
-- GK8
-- DLC
-- WACOL
049 ## - LOCAL HOLDINGS (OCLC)
Holding library WACL
050 00 - LIBRARY OF CONGRESS CALL NUMBER
Classification number TX309
Item number .P53 2006
082 04 - DEWEY DECIMAL CLASSIFICATION NUMBER
Classification number 648.8
Edition number 22
092 ## - LOCALLY ASSIGNED DEWEY CALL NUMBER (OCLC)
Classification number 648.8
Item number Pet
100 1# - MAIN ENTRY--PERSONAL NAME
Personal name Petrowski, Elaine Martin.
9 (RLIN) 5835677
245 10 - TITLE STATEMENT
Title Design ideas for home storage /
Statement of responsibility, etc Elaine Martin Petrowski.
260 ## - PUBLICATION, DISTRIBUTION, ETC. (IMPRINT)
Place of publication, distribution, etc Upper Saddle River, N.J. :
Name of publisher, distributor, etc Creative Homeowner ;
Place of publication, distribution, etc Garsington :
Name of publisher, distributor, etc Windsor [distributor],
Date of publication, distribution, etc 2006.
263 ## - PROJECTED PUBLICATION DATE
Projected publication date 200607
300 ## - PHYSICAL DESCRIPTION
Extent 207 p. :
Other physical details col. ill. ;
Dimensions 28 cm.
504 ## - BIBLIOGRAPHY, ETC. NOTE
Bibliography, etc Includes bibliographical references and index.
650 #0 - SUBJECT ADDED ENTRY--TOPICAL TERM
Topical term or geographic name as entry element Storage in the home.
9 (RLIN) 92181
856 42 - ELECTRONIC LOCATION AND ACCESS
Materials specified Contributor biographical information
Uniform Resource Identifier <a href="http://www.loc.gov/catdir/enhancements/fy0704/2005909005-b.html">http://www.loc.gov/catdir/enhancements/fy0704/2005909005-b.html</a>
856 42 - ELECTRONIC LOCATION AND ACCESS
Materials specified Publisher description
Uniform Resource Identifier <a href="http://www.loc.gov/catdir/enhancements/fy0704/2005909005-d.html">http://www.loc.gov/catdir/enhancements/fy0704/2005909005-d.html</a>
938 ## -
-- Baker & Taylor
-- BKTY
-- 19.95
-- 14.96
-- 158011301X
-- 0006627381
-- active
942 ## - ADDED ENTRY ELEMENTS (KOHA)
Koha item type BOOK
948 ## - LOCAL PROCESSING INFORMATION (OCLC); SERIES PART DESIGNATOR (RLIN)
Series part designator, SPT (RLIN) 01/03/2007
z (OCLC) Sirsi
994 ## -
-- 02
-- WACOL
996 ## -
-- 53281
-- 34301000638280
-- NF
-- bk
-- wcl
-- i
-- 22
-- 19.95
-- Apple
-- 648.8 Pet
-- 01/03/2007
-- 03/11/2020
-- 03/07/2020
Holdings
Withdrawn status Lost status Source of classification or shelving scheme Damaged status Not for loan Collection code Home library Current library Shelving location Date acquired Cost, normal purchase price Total Checkouts Total Renewals Full call number Barcode Date last seen Date checked out Cost, replacement price Price effective from Koha item type
    Dewey Decimal Classification     General NonFiction Wasatch County Library Wasatch County Library Second Floor 01/03/2007 19.95 26 2 648.8 Pet 34301000638280 05/29/2024 04/11/2022 19.95 03/20/2020 BOOK
This project was made possible through a grant from the Institute of Museum and Library Service administered by the Utah State Library Division.

Wasatch County Library

  • 465 East 1200 South, Heber City, Utah 84032
  • Phone 435-654-1511 | Fax 435-654-6456

Hours

  • Monday - Friday 9:30 AM - 8:00 PM
  • Saturday 9:30 AM - 1:30 PM
  • Closed Sundays and Holidays